Statistiken für Länder in der Nähe der Antarktis

Klicken Sie hier um das Quiz zu spielen!

Allgemein

  • Dieses Quiz wurde 145 mal gespielt
  • Das Durchschnittsergebnis liegt bei 16 aus 20

Antwortstatistiken

KmLand% Korrekt
2518Australien
98%
1005Chile
98%
1023Argentinien
97%
3856Südafrika
97%
2484Neuseeland
96%
3292Brasilien
94%
3151Uruguay
94%
5094Peru
90%
4513Namibia
89%
3978Paraguay
89%
4523Bolivien
87%
4236Lesotho
87%
4714Botswana
84%
4597Eswatini
80%
4513Madagaskar
77%
4646Mosambik
75%
5070Simbabwe
72%
5052Mauritius
49%
5576Malawi
46%
5438Vanuatu
43%

Verteilung der Resultate

Perzentil nach korrekt beantworteten Fragen

Anzahl Personen mit jedem Resultat

Ihre Resultats-Entwicklung

Sie haben dieses Quiz noch nicht gespielt